000 00553nam a2200193Ia 4500
005 20250923145951.0
008 008 250917s9999 xx 000 0 eng d
037 _aTextual
040 _aDSWL
_beng
_cDSWL
041 _aeng
_2eng
084 _aX:99B,58.1, N95
_qDSWL
245 0 _aAction Programmes for the Protection of Home Workers
_cEd. by Ursula Huws
260 _aGeneva
_b I.L.O.
_c1995
300 _aix,142 p.
365 _aINR
_b390.00
925 _g390.00
942 _cTEXL
_hX:99B,58.1, N95
999 _c1457917
_d1457917